000
00294nam a22001337a 4500
008
190205b xxu||||| |||| 00| 0 eng d
020
_a
0816420033
041
_a
eng
080
_a
201
100
_a
24
101
_a
TEO
245
_a
Black Theology & Black Power
_c
Cone, J.H
942
_2
udc
_c
BK
999
_c
53955
_d
53955